| 000 | 00587cam a22002291 4500 | ||
|---|---|---|---|
| 001 | sa 68010835 | ||
| 003 | DLC | ||
| 005 | 20260227112556.0 | ||
| 008 | 890911s1966 ii 000 0 telo | ||
| 010 | _asa 68010835 | ||
| 035 | _a(OCoLC)20326012 | ||
| 040 |
_aDLC _cWaU _dDLC |
||
| 042 | _apremarc | ||
| 050 | 0 | 0 |
_aPL4780.9.G56 _bH5 |
| 100 | 2 |
_aGopala Rao, Amancharla, _d1907-1969. |
|
| 245 | 1 | 0 | _aHiraṇyakaśipuḍu. |
| 260 | _c[1966] | ||
| 300 |
_a84 p. _c19 cm. |
||
| 500 | _aIn Telugu. | ||
| 500 | _aBased on an episode from the Mahābhārata. | ||
| 730 | 0 | _aMahābhārata. | |
| 999 |
_c83582 _d83582 |
||